书目信息 |
| 题名: |
世界主要经济体货币政策溢出效应与中国应对研究
|
|
| 作者: | 赵东喜, 著 | |
| 分册: | ||
| 出版信息: | 长春 长春出版社 2022.06 |
|
| 页数: | 441页 | |
| 开本: | 24cm | |
| 丛书名: | ||
| 单 册: | ||
| 中图分类: | F821.0 | |
| 科图分类: | ||
| 主题词: | 货币政策--huo bi zheng ce--研究--世界 | |
| 电子资源: | ||
| ISBN: | 978-7-5445-6447-2 | |
| 000 | 01312nam0 2200265 450 | |
| 001 | CAL 012022004852 | |
| 005 | 20230217093112.0 | |
| 010 | @a978-7-5445-6447-2@dCNY95.00 | |
| 100 | @a20220830d2022 em y0chiy0120 ea | |
| 101 | 0 | @achi |
| 102 | @aCN@b220000 | |
| 105 | @aa a 000yy | |
| 106 | @ar | |
| 200 | 1 | @a世界主要经济体货币政策溢出效应与中国应对研究@Ashi jie zhu yao jing ji ti huo bi zheng ce yi chu xiao ying yu zhong guo ying dui yan jiu@f赵东喜著 |
| 210 | @a长春@c长春出版社@d2022.06 | |
| 215 | @a441页@c图@d24cm | |
| 300 | @a本专著受教育部人文社会科学研究《世界主要经济体货币政策溢出效应与中国应对研究》项目资助, 是教育部人文社会科学研究规划基金项目《世界主要经济体货币政策溢出效应与中国应对研究》研究成果 | |
| 314 | @a赵东喜, 福建技术师范学院副教授。 | |
| 320 | @a有书目 (第423-440页) | |
| 330 | @a本书主要内容包括: 绪论、国际货币政策溢出效应学术史演进、货币政策国际溢出效应理论传承与演化、国际货币政策溢出效应机理阐释、国际货币政策溢出效应的特征事实、国际货币政策溢出效应经验实证、美国货币政策正常化的国际溢出效应、国际货币政策溢出效应监测与应对机制、应对国际货币政策溢出效应的制度思考等。 | |
| 606 | 0 | @a货币政策@Ahuo bi zheng ce@x研究@y世界 |
| 690 | @aF821.0@v5 | |
| 701 | 0 | @a赵东喜,@Azhao dong xi@f1970-@4著 |
| 801 | 0 | @aCN@bBJXHZP@c20230228 |
| 905 | @b1396230-3@dF821.0@e102@f4 | |
| 世界主要经济体货币政策溢出效应与中国应对研究/赵东喜著.-长春:长春出版社,2022.06 |
| 441页:图;24cm |
| 本专著受教育部人文社会科学研究《世界主要经济体货币政策溢出效应与中国应对研究》项目资助, 是教育部人文社会科学研究规划基金项目《世界主要经济体货币政策溢出效应与中国应对研究》研究成果 |
| ISBN 978-7-5445-6447-2:CNY95.00 |
| 本书主要内容包括: 绪论、国际货币政策溢出效应学术史演进、货币政策国际溢出效应理论传承与演化、国际货币政策溢出效应机理阐释、国际货币政策溢出效应的特征事实、国际货币政策溢出效应经验实证、美国货币政策正常化的国际溢出效应、国际货币政策溢出效应监测与应对机制、应对国际货币政策溢出效应的制度思考等。 |
| ● |
| 相关链接 |
|
|
|
|
正题名:世界主要经济体货币政策溢出效应与中国应对研究
索取号:F821.0/102
 
预约/预借
| 序号 | 登录号 | 条形码 | 馆藏地/架位号 | 状态 | 备注 |
| 1 | 1396230 | 213962309 | 第一样本阅览室/ [索取号:F821.0/102] | 在馆 | |
| 2 | 1396231 | 213962318 | 第一借阅区/ [索取号:F821.0/102] | 在馆 | |
| 3 | 1396232 | 213962327 | 第一借阅区/ [索取号:F821.0/102] | 在馆 | |
| 4 | 1396233 | 213962336 | 第一借阅区/ [索取号:F821.0/102] | 在馆 |